| 000 | 00000nam##2200000za#4500 |
| 001 | 9.661652 |
| 003 | CaOODSP |
| 005 | 20210615120154 |
| 007 | ta |
| 008 | 150407|2000||||xxc||||| f|0| 0 fre|d |
| 020 | |a0-662-64758-0 |
| 040 | |aCaOODSP|bfre |
| 041 | |aeng |
| 041 | |afre |
| 043 | |an-cn--- |
| 086 | 1 |aR32-179/2000 |
| 110 | 1 |aCanada.|bAffaires indiennes et du Nord. |
| 245 | 10|aJournée nationale des Autochtones: le 21 juin: soyez de la fête! |
| 260 | |aOttawa - Ontario : |bAffaires indiennes et du Nord |c2000. |
| 563 | |aDépliant |
| 590 | |a00-25|b2000-06-23 |
| 691 | 07|aAutochtones|2gcpds |
| 691 | 07|aCommémoration|2gcpds |
| 776 | 0#|tJournée nationale des Autochtones, le 21 juin-- : |w(CaOODSP)9.640426 |
| 776 | 0#|tNational Aboriginal Day, June 21-- : |w(CaOODSP)9.696308 |
| 791 | |tNational Aboriginal Day, June 21: share in the celebration |eeng|w(CaOODSP)9.661651 |
| 986 | |aQS-6142-000-BB-A1 |